000 00632nam a2200205Ia 4500
003 GCL
008 140319s9999 xx 000 0 ara d
040 _aGCL /
_cGCL
082 0 4 _a813.009
_bص ف
100 1 _aصلاح الدين بوجاة
245 1 0 _aفى الواقعية الروائية: الشىء بين الوظيفة والرمز /
_cصلاح الدين بوجاة
260 _a[S.N] :
_bالمؤسسة الحديثة للكتاب ،
_c1993
300 _a136 ص
490 _a
650 0 4 _aالفلسفة
650 0 4 _aالانسان
650 0 4 _aالرمز
650 0 4 _aالواقعية
942 _2ddc
_cBK
999 _c38254
_d38254